Landkreise und kreisfreie Städte Deutschlands mit "H" - Statistiken

Allgemein
  • Dieses Quiz wurde 840 mal gespielt
  • Das Durchschnittsergebnis liegt bei 20 aus 29
Antwortstatistiken
Bundesland Kreis % Korrekt
Hamburg Hamburg
94%
Niedersachsen Heidekreis
94%
Niedersachsen Hildesheim
87%
Nordrhein-Westfalen Hamm
86%
Nordrhein-Westfalen Hagen
85%
Baden-Württemberg Heidelberg
84%
Nordrhein-Westfalen Herne
81%
Baden-Württemberg Heilbronn
78%
Baden-Württemberg Heilbronn
78%
Baden-Württemberg Heidenheim
77%
Sachsen-Anhalt Halle (Saale)
75%
Niedersachsen Hameln-Pyrmont
75%
Bayern Hof
72%
Bayern Hof
72%
Nordrhein-Westfalen Höxter
70%
Niedersachsen Harburg
68%
Nordrhein-Westfalen Herford
68%
Nordrhein-Westfalen Hochsauerlandkreis
65%
Baden-Württemberg Hohenlohekreis
63%
Hessen Hochtaunuskreis
62%
Nordrhein-Westfalen Heinsberg
61%
Brandenburg Havelland
60%
Niedersachsen Helmstedt
60%
Thüringen Hildburghausen
59%
Bayern Haßberge
58%
Niedersachsen Holzminden
57%
Hessen Hersfeld-Rotenburg
54%
Sachsen-Anhalt Harz
53%
Schleswig-Holstein Herzogtum Lauenburg
33%
Keine übereinstimmenden Quizze gefunden
Verteilung der Resultate
Anzahl Personen mit jedem Resultat
Perzentil nach korrekt beantworteten Fragen
Ihre Resultats-Entwicklung
Sie haben dieses Quiz noch nicht gespielt